000 00378pab a2200145 454500
008 180718b xxu||||| |||| 00| 0 eng d
100 _aVijayasree, Y.
245 _aWeaning and infant health care practices in an urban area
650 _a Weaning
650 _a Infant
650 _aHealth Care
700 _aSatyvani, K.
773 _aJournal of Family Welfare
909 _a23709
999 _c23709
_d23709